Normal view MARC view
  • Mateos del A., Uzziel

Entry Nombre Personal

Number of records used in: 1

001 - NUMERO DE CONTROL

  • campo de control: 49556

003 - IDENTIFICADOR DE NUMERO DE CONTROL

  • campo de control: MX-MxUPN

005 - FECHA Y HORA DE LA ÜLTIMA TRANSACCIÓN

  • campo de control: 20230707105443.0

008 - DATOS DE LONGITUD FIJA

  • campo de control de longitud fija: 230707nn acnnnaabn a aaa d

040 ## - FUENTE DE CATALOGACIÓN

  • Agencia original de catalogación: MX-MxUPN
  • Lenguaje de catalogación: spa

100 1# - ENCABEZAMIENTO - NOMBRE PERSONAL

  • Nombre personal: Mateos del A., Uzziel

400 1# - VEÁSE - NOMBRE DE PERSONA

  • Personal name: A., Santiago Uzziel del

670 ## - FUENTE EN LA QUE SE LOCALIZARON DATOS

  • Cita de la fuente: Alfabeto Huasteco de Veracruz, 1997:
  • Información localizada: portada (Uzziel Mateos del A.)

902 ## - CATALOGADOR

  • Catalogador: VíctorGodínez/070723